Normal view
MARC view
- الأهاجي والفكاهات العربية - النوادر العربية
Entry Topical Term
001 - CONTROL NUMBER
- control field: 38740
003 - CONTROL NUMBER IDENTIFIER
- control field: JO-AjAnu
005 - DATE AND TIME OF LATEST TRANSACTION
- control field: 20230606080441.0
008 - FIXED-LENGTH DATA ELEMENTS
- fixed length control field: 230606|| aca||aabn | a|a d
040 ## - CATALOGING SOURCE
- Original cataloging agency: JO-AjAnu
- Transcribing agency: JO-AjAnu
150 ## - HEADING--TOPICAL TERM
- Topical term or geographic name entry element: الأهاجي والفكاهات العربية - النوادر العربية
670 ## - SOURCE DATA FOUND
- Source citation: Work cat.: (JO-AjAnu)19869: كرم، إميلي يعقوب, author 38739, أحلى طرائف ونوادر الفقهاء والقضاة والمؤذنين والوعاظ